| 000 | 00582nam a2200169 a 4500 | ||
|---|---|---|---|
| 008 | 120416s1967 ||||||||||||||||| || u | ||
| 020 | _a0273417290 | ||
| 050 | _aHF 5679 Tho | ||
| 100 | _aThomas, Alfred Joseph | ||
| 245 | 1 | 4 | _aThe accountant and computers |
| 260 |
_aLondon _bPitman _c1967 |
||
| 300 | _aix, 178p. | ||
| 350 | _a0.00 | ||
| 650 | 0 | _aACCOUNTING--HANDBOOKS, MANUALS, ETC | |
| 650 | _aACCOUNTANT--COMPUTERS | ||
| 995 |
_D0.00 _FCBU-MAIN LIBRARY (Kitwe) _H1 _I2.25 _M1 _UAVAILABLE _ZMain Library Open Access Collection |
||
| 999 |
_c33283 _d33283 |
||